Missing Word: National Parks Quiz Stats

Quiz Updated Apr 22, 2013

Challenge
Share
Tweet
Embed
Score 0/20 Timer 03:00
0 Plays Today
National Park Missing Word % Correct
_____ CanyonGrand
99%
_____gladesEver
90.6%
Petrified _____Forest
77.5%
_____stoneYellow
77%
_____landsBad
75.8%
_____woodsRed
65%
Great _____ MountainsSmoky
62.9%
_____ ValleyDeath
60.7%
_____ SpringsHot
56.9%
Mammoth _____Cave
51.1%
National Park Missing Word % Correct
_____ RooseveltTheodore
47%
_____ MountainRocky
46.4%
_____ LakeCrater
42%
_____ CavernsCarlsbad
39.6%
_____ CanyonBryce
37.2%
_____ VerdeMesa
30.4%
Cuyahoga _____Valley
27.4%
Mount _____Rainier
26.8%
Kings _____Canyon
24.5%
Glacier _____Bay
23.7%

Today's Daily Dose

You're not logged in!

Compare scores with friends on all Sporcle quizzes.
Join for Free
OR
Log In

You Might Also Like...

Show Comments

Extras

Top Quizzes Today


Score Distribution

Your Account Isn't Verified!

In order to create a playlist on Sporcle, you need to verify the email address you used during registration. Go to your Sporcle Settings to finish the process.

Report this User

Report this user for behavior that violates our Community Guidelines.

Details: